|
|
|
แสดงรายละเอียดบรรณานุกรม |
|
|
Brief Record
: Get Marc (ISO 2709)
: E-mail record
: |
| LEADER : 00000nam 2200000uu 4500 | |||
| 008 121106s||||||||th 000 0 tha d | |||
| 050 0 ^aR^bก532ก 2555 | |||
| 100 0 การีมา หะยีสะมะแอ และคณะ | |||
| 245 00 การศึกษาพฤติกรรมการดูแลตนเองของผู้ป่วยโรคความดันโลหิตสูงในพื้นที่จังหวัดชายแดนภาคใต้:กรณึศึกษาผู้ป่วยโรคความดันโลหิตสูง อำเภอหนองจิก จังหวัดปัตตานี | |||
| 250 พิมพ์ครั้งที่ 1 | |||
| 260 ^aนนทบุรี:^bสถาบันพระบรมราชชนก,^c 2555 | |||
| 300 ^a34 หน้า:^c 26ซม. | |||
| 650 0 ^aโรคความดันโลหิตสูง^xวิจัย | |||
| 945 ^p200^l0^i064097 | |||
| 999 ^aวนิดา อินทโอภาส | |||
| คุณยังไม่ได้ล็อกอิน คุณสามารถมีกิจกรรมร่วมกับเว็บไซต์ได้ แต่ต้องล็อกอินก่อน :: |
|
|||||||||
|
||||||||||
| สถานะ | |||||
| 1. | หนังสือ | R ก532ก 2555 Barcode: 064097 | ►วิจัย | บนชั้น ขอยืม | |
BibComment |
| คอมเมนท์ทรัพยากรรายการนี้ |
|